[Event "Online Olym Div3 B 2020"]
[Site "chess.com INT"]
[Date "2020.07.07"]
[Round "1.4"]
[Board "4"]
[White "Ranasinghe, S D"]
[Black "Chen, Chi"]
[Result "1-0"]
[WhiteTitle "WIM"]
[WhiteElo "1752"]
[BlackElo "1588"]
[WhiteTeam "Sri Lanka"]
[BlackTeam "Chinese Taipei"]
[WhiteFideId "9902651"]
[BlackFideId "16301633"]
[EventDate "2020.07.07"]
[EventType "team"]

1. Nf3 e6 2. g3 Nf6 3. Bg2 d5 4. O-O c5 5. d4 Nc6 6. c4 cxd4 7. Nxd4 Nxd4 8.
Qxd4 b6 9. cxd5 exd5 10. Nc3 Bb7 11. Bg5 Be7 12. Bxf6 Bxf6 13. Qe3+ Kf8 14. Nxd5
Bxd5 15. Rfd1 Qe8 16. Qxe8+ Rxe8 17. Bxd5 Bxb2 18. Rab1 Ba3 19. Rb3 Bc5 20. Rf3
f6 21. e3 Rd8 22. e4 Ke7 23. Kg2 Rd7 24. Rc1 Rhd8 25. Rc2 Bd4 26. Rd3 Be5 27.
Ra3 Bd4 28. Ra4 Bc5 29. Rac4 Rd6 30. R4c3 R6d7 31. a4 Rd6 32. Re2 R6d7 33. Rcc2
Rd6 34. h4 R6d7 35. Kf3 g6 36. Rc1 Rf8 37. Bc6 Rd3+ 38. Kg2 Rd6 39. Bd5 Rd7 40.
h5 Kd8 41. Rh1 f5 42. hxg6 hxg6 43. Rh6 fxe4 44. Bxe4 g5 45. Rg6 Be7 46. Bc6 Rd6
47. Rxd6+ Bxd6 48. Bb5 Bc5 49. f3 Kc7 50. Re5 Rg8 51. Kh3 Kd6 52. Rf5 Rg6 53.
Kg4 Be3 54. Rf7 Kc5 55. Rxa7 Kb4 56. Re7 Bd2 57. Re4+ Kc5 58. Kf5 Rg8 59. Rc4+
Kd6 60. Rc6+ Kd5 61. Rxb6 Rf8+ 62. Kg4 Rc8 63. Rb7 Ke5 64. Re7+ Kf6 65. Re4 Rd8
66. Bc6 Rd6 67. Rc4 Be3 68. a5 Ba7 69. a6 Rd3 70. Be4 Ra3 71. Rc6+ Ke5 72. Kxg5
Be3+ 73. Kg4 Ba7 74. Rg6 Kd4 75. Bf5 Bb8 76. f4 Ba7 77. Bc8 Re3 78. Rg7 Bb6 79.
Rd7+ Kc5 80. Bb7 Ba7 81. Bf3 Bb6 82. a7 Bxa7 83. Rxa7 Kb6 84. Rf7 Kc5 85. f5 Kd6
86. Rf6+ Ke5 87. Re6+ Kd4 88. Rxe3 Kxe3 89. f6 Kf2 90. f7 Kg1 91. f8=Q Kh2 92.
Qh8+ Kg1 93. Qh1+ Kf2 94. Qg2+ Ke1 95. Qe2# 1-0

[Event "Online Olym Div3 B 2020"]
[Site "chess.com INT"]
[Date "2020.07.07"]
[Round "1.4"]
[Board "5"]
[White "Wang, Ting-Hao"]
[Black "De Silva, L M S T"]
[Result "0-1"]
[BlackTitle "FM"]
[WhiteElo "1737"]
[BlackElo "2154"]
[WhiteTeam "Chinese Taipei"]
[BlackTeam "Sri Lanka"]
[WhiteFideId "16300602"]
[BlackFideId "9953698"]
[EventDate "2020.07.07"]
[EventType "team"]

1. e4 e5 2. Nc3 Nf6 3. g3 d6 4. Bg2 Be7 5. Nge2 O-O 6. O-O Re8 7. d3 c6 8. f4
Nbd7 9. h3 b5 10. a3 Bb7 11. f5 d5 12. g4 dxe4 13. dxe4 Qb6+ 14. Kh2 h6 15. Qe1
a5 16. Ng3 c5 17. Be3 Rad8 18. a4 b4 19. Nb5 Ba6 20. c4 Nb8 21. Nh5 Nxh5 22.
gxh5 Bf6 23. Qg3 Rd3 24. Bxc5 Qd8 25. Rf3 Rxf3 26. Qxf3 Qd2 27. b3 Rd8 28. Qe3
Qb2 29. Rf1 Bg5 30. Qf3 Qd2 31. Rf2 Qc1 32. Rf1 Qd2 33. Rf2 Qe1 34. Rf1 Qh4 35.
Qg4 Qxg4 36. hxg4 Bf4+ 37. Kh1 Rd3 38. Rf3 Rd1+ 39. Rf1 Rd3 40. Rf3 Rd1+ 41. Rf1
Rd2 42. Nc7 Bb7 43. Nd5 Nd7 44. Nxf4 Nxc5 45. Nd5 Nxb3 46. Rf3 Nd4 47. Rf1 b3
48. Rb1 b2 49. Nc3 Rc2 50. Nb5 Rc1+ 0-1

[Event "Online Olym Div3 B 2020"]
[Site "chess.com INT"]
[Date "2020.07.07"]
[Round "1.4"]
[Board "6"]
[White "Tharushi, T H D Niklesha"]
[Black "Tsai, Sophie Yi-Hsuan"]
[Result "1-0"]
[WhiteTitle "WCM"]
[WhiteElo "1632"]
[BlackElo "1131"]
[WhiteTeam "Sri Lanka"]
[BlackTeam "Chinese Taipei"]
[WhiteFideId "9918264"]
[BlackFideId "16302087"]
[EventDate "2020.07.07"]
[EventType "team"]

1. d4 Nf6 2. c4 e6 3. Nf3 d5 4. Nc3 c6 5. Bg5 Be7 6. e3 O-O 7. cxd5 Nxd5 8. Bxe7
Qxe7 9. e4 Nxc3 10. bxc3 Nd7 11. e5 f6 12. exf6 Qxf6 13. Bd3 e5 14. Qc2 g6 15.
O-O exd4 16. Bc4+ Kg7 17. cxd4 Nb6 18. Bb3 Bf5 19. Qb2 Be4 20. Ne5 Rad8 21. a4
Qe7 22. Rfe1 Bd5 23. Bxd5 Rxd5 24. Nxg6 Qg5 25. Nxf8 Kxf8 26. a5 Nc4 27. Qxb7
Nxa5 28. Qb8+ Kg7 29. Qc7+ Kg6 30. Re6+ Kh5 31. Qxh7+ Kg4 32. Re4+ Qf4 33. Qg6+
Rg5 34. f3+ Kh4 35. g3+ Rxg3+ 36. hxg3+ Kh3 37. Qh5+ Kxg3 38. Qh2+ Kxf3 39.
Qxf4# 1-0

[Event "Online Olym Div3 B 2020"]
[Site "chess.com INT"]
[Date "2020.07.07"]
[Round "2.1"]
[Board "1"]
[White "Greet, Andrew N"]
[Black "Thilakarathne, G M H"]
[Result "1-0"]
[WhiteTitle "IM"]
[BlackTitle "FM"]
[WhiteElo "2417"]
[BlackElo "2398"]
[WhiteTeam "Scotland"]
[BlackTeam "Sri Lanka"]
[WhiteFideId "405817"]
[BlackFideId "9912053"]
[EventDate "2020.07.07"]
[EventType "team"]

1. e4 c5 2. d4 cxd4 3. c3 dxc3 4. Nxc3 Nc6 5. Nf3 d6 6. Bc4 a6 7. O-O Nf6 8. Bf4
Bg4 9. h3 Bxf3 10. Qxf3 e6 11. Rfd1 Qb8 12. Be2 Be7 13. Qg3 Ne5 14. Bxe5 dxe5
15. Qxg7 Rg8 16. Qh6 Rg6 17. Qd2 b5 18. Bf3 Kf8 19. a4 b4 20. Ne2 Kg8 21. Rac1
Kh8 22. Rc6 Rg8 23. Rdc1 Ra7 24. Ng3 a5 25. Qh6 Qf8 26. Qe3 Rd7 27. Qb6 Qd8 28.
Qb5 Rd2 29. Qxe5 Qd4 30. Qxd4 Rxd4 31. Rc7 Re8 32. e5 Ng8 33. Nh5 Red8 34. Ra7
Rd2 35. Rcc7 Re8 36. Bc6 Red8 37. Rxe7 Nxe7 38. Rxe7 Kg8 39. Nf6+ Kf8 40. Rb7
Rc2 41. Bf3 Rxb2 42. Bh5 Kg7 43. Rxf7+ Kh6 44. h4 Rh8 45. g4 Rb1+ 46. Kg2 1-0

[Event "Online Olym Div3 B 2020"]
[Site "chess.com INT"]
[Date "2020.07.07"]
[Round "2.1"]
[Board "2"]
[White "Alahakoon, Isuru"]
[Black "Tate, Alan"]
[Result "1/2-1/2"]
[WhiteTitle "FM"]
[BlackTitle "FM"]
[WhiteElo "2107"]
[BlackElo "2342"]
[WhiteTeam "Sri Lanka"]
[BlackTeam "Scotland"]
[WhiteFideId "9900993"]
[BlackFideId "2401878"]
[EventDate "2020.07.07"]
[EventType "team"]

1. e4 e5 2. Nf3 Nc6 3. Bb5 Nf6 4. O-O Nxe4 5. Re1 Nd6 6. Nxe5 Be7 7. Bf1 Nf5 8.
Nf3 O-O 9. d4 d5 10. c3 Bd6 11. Bd3 h6 12. Nbd2 Qf6 13. Nf1 Be6 14. Bc2 Rfe8 15.
Qd3 g6 16. h3 a6 17. N1h2 Qg7 18. Ng4 f6 19. Ne3 Nxe3 20. Bxe3 Bf5 21. Qd2 Bxc2
22. Qxc2 Ne7 1/2-1/2

[Event "Online Olym Div3 B 2020"]
[Site "chess.com INT"]
[Date "2020.07.07"]
[Round "2.1"]
[Board "3"]
[White "Arakhamia-Grant, Ketevan"]
[Black "Dahampriya, H K T Dewnethmie"]
[Result "1-0"]
[WhiteTitle "GM"]
[WhiteElo "2380"]
[BlackElo "1868"]
[WhiteTeam "Scotland"]
[BlackTeam "Sri Lanka"]
[WhiteFideId "13600168"]
[BlackFideId "9931180"]
[EventDate "2020.07.07"]
[EventType "team"]

1. e4 c5 2. Nf3 d6 3. Bb5+ Bd7 4. Bxd7+ Qxd7 5. O-O Nf6 6. Re1 Nc6 7. c3 e6 8.
d4 cxd4 9. cxd4 d5 10. e5 Ne4 11. a3 Be7 12. Nbd2 Nxd2 13. Bxd2 O-O 14. Rc1 Rfc8
15. Rc3 Nd8 16. Rd3 Qb5 17. Bc3 Rc7 18. h4 h6 19. Nh2 Rac8 20. a4 Qa6 21. Ng4
Bxh4 22. Rh3 Bg5 23. Rf1 Kf8 24. f4 Be7 25. Nxh6 gxh6 26. Rxh6 Ke8 27. f5 Kd7
28. f6 Ba3 29. Rh8 Rc4 30. Qh5 Kc7 31. Rf3 Bb4 32. Bxb4 Rxb4 33. b3 Kb8 34. Rg3
Rxd4 35. Rgg8 Qb6 36. Kh2 Rb4 37. Rf8 Rxb3 38. Rhg8 Qc7 39. Re8 Rc3 40. Re7 Qb6
41. Rd7 R3c4 42. Qh8 a6 43. Rdxd8 Qc7 44. Rxc8+ Qxc8 45. Rxc8+ Rxc8 46. Qg7 d4
47. Qxf7 Rd8 48. Qe7 Kc8 49. Qxe6+ Kc7 50. Qe7+ Rd7 51. Qc5+ Kd8 52. e6 Rh7+ 53.
Kg3 Rh6 54. Qf8+ 1-0

[Event "Online Olym Div3 B 2020"]
[Site "chess.com INT"]
[Date "2020.07.07"]
[Round "2.1"]
[Board "4"]
[White "Ranasinghe, S D"]
[Black "Lampard, Alice"]
[Result "1-0"]
[WhiteTitle "WIM"]
[WhiteElo "1752"]
[BlackElo "1763"]
[WhiteTeam "Sri Lanka"]
[BlackTeam "Scotland"]
[WhiteFideId "9902651"]
[BlackFideId "2402750"]
[EventDate "2020.07.07"]
[EventType "team"]

1. Nf3 c5 2. g3 Nc6 3. Bg2 g6 4. O-O Bg7 5. c4 d6 6. Nc3 e5 7. d3 Nge7 8. e4 O-O
9. Bd2 a6 10. a3 Rb8 11. Rb1 b5 12. cxb5 axb5 13. b4 cxb4 14. axb4 f5 15. Ng5
Nd4 16. Be3 h6 17. Nf3 Nxf3+ 18. Bxf3 f4 19. Bd2 Nc6 20. Bg4 Nd4 21. Nd5 f3 22.
Bxc8 Rxc8 23. Re1 Qd7 24. Re3 Qh3 25. Qf1 Qxf1+ 26. Kxf1 Ra8 27. Ree1 Ra3 28.
Be3 Rxd3 29. Rec1 Nb3 30. Rd1 Rxd1+ 31. Rxd1 Ra8 32. Nc7 Ra1 33. Rxa1 Nxa1 34.
Nxb5 Bf8 35. Nc3 Nc2 36. b5 Nxe3+ 37. fxe3 d5 38. exd5 Kf7 39. Kf2 Bc5 40. Kxf3
Ke7 41. Ne4 Bb6 42. Nd2 Bc5 43. Nc4 g5 44. Ke4 Ba7 45. Nxe5 Kf6 46. Nc4 h5 47.
b6 Bb8 48. Kf3 Kf5 49. e4+ Kf6 50. e5+ Ke7 51. Ke4 Kf7 52. Kf5 h4 53. gxh4 gxh4
54. h3 Ke7 55. Na5 Kd7 56. Nc6 1-0

[Event "Online Olym Div3 B 2020"]
[Site "chess.com INT"]
[Date "2020.07.07"]
[Round "2.1"]
[Board "5"]
[White "Abdulla, Murad"]
[Black "Doluweera, Minul Sanjula"]
[Result "1-0"]
[WhiteTitle "FM"]
[BlackTitle "FM"]
[WhiteElo "2287"]
[BlackElo "2139"]
[WhiteTeam "Scotland"]
[BlackTeam "Sri Lanka"]
[WhiteFideId "2403757"]
[BlackFideId "9910760"]
[EventDate "2020.07.07"]
[EventType "team"]

1. e4 c6 2. Nf3 d5 3. Nc3 Bg4 4. h3 Bxf3 5. Qxf3 e6 6. d3 Nf6 7. a3 Bc5 8. g4
Na6 9. Bg2 Nc7 10. Bd2 Bd4 11. Qg3 dxe4 12. Nxe4 Nxe4 13. Bxe4 Nd5 14. c3 Bc5
15. g5 Bd6 16. Qg4 Qc7 17. c4 Nf4 18. c5 Be5 19. d4 O-O-O 20. dxe5 Nd3+ 21. Bxd3
Rxd3 22. Bc3 Rxc3 23. bxc3 Qxe5+ 24. Kf1 Rd8 25. Rd1 Rxd1+ 26. Qxd1 Qxc5 27. Qd2
Qxa3 28. Kg2 Qa4 29. Rd1 Qe4+ 30. f3 Qd5 31. c4 Qxd2+ 32. Rxd2 b5 33. c5 a5 34.
Kf2 Kc7 35. Ke3 h6 36. h4 e5 37. gxh6 gxh6 38. Ke4 f6 39. Ra2 a4 40. Kf5 Kb7 41.
Kxf6 Ka6 42. Kxe5 Ka5 43. Kd4 b4 44. Kc4 b3 45. Rb2 h5 46. f4 Ka6 47. f5 Kb7 48.
f6 Kc7 49. f7 a3 50. Rxb3 a2 51. Ra3 a1=Q 52. Rxa1 Kd7 53. f8=Q Ke6 54. Re1+ Kd7
55. Re7# 1-0

[Event "Online Olym Div3 B 2020"]
[Site "chess.com INT"]
[Date "2020.07.07"]
[Round "2.1"]
[Board "6"]
[White "Jayaweera, Sayuni Gihansa"]
[Black "Smith, Sarah E"]
[Result "1-0"]
[WhiteTitle "WCM"]
[WhiteElo "1698"]
[BlackElo "1390"]
[WhiteTeam "Sri Lanka"]
[BlackTeam "Scotland"]
[WhiteFideId "9917314"]
[BlackFideId "2405539"]
[EventDate "2020.07.07"]
[EventType "team"]

1. d4 Nf6 2. c4 c5 3. d5 b5 4. cxb5 a6 5. b6 Qxb6 6. Nc3 d6 7. Nf3 g6 8. Nd2 Bg7
9. e4 Nbd7 10. Be2 O-O 11. O-O a5 12. Nc4 Qc7 13. a4 Ba6 14. h3 Rfb8 15. Qc2 Bh8
16. f4 Rb4 17. Nb5 Bxb5 18. axb5 Rxb5 19. Nxd6 Rbb8 20. Nc4 Ne8 21. e5 Qc8 22.
Rxa5 Rxa5 23. Nxa5 Ra8 24. Nc6 Qc7 25. Nxe7+ Kf8 26. Nc6 Ra2 27. Bc4 Nb6 28.
Bxa2 Nxd5 29. Bxd5 Qd7 30. Qxc5+ Kg8 31. Ne7+ Kg7 32. f5 gxf5 33. Nxf5+ Kg8 34.
Nh6+ Kg7 35. Rxf7+ Qxf7 36. Bxf7 1-0

[Event "Online Olym Div3 B 2020"]
[Site "chess.com INT"]
[Date "2020.07.07"]
[Round "2.2"]
[Board "1"]
[White "Khusenkhojaev, Muhammad"]
[Black "Oatlhotse, Providence"]
[Result "1-0"]
[WhiteTitle "IM"]
[BlackTitle "IM"]
[WhiteElo "2399"]
[BlackElo "2190"]
[WhiteTeam "Tajikistan"]
[BlackTeam "Botswana"]
[WhiteFideId "14700247"]
[BlackFideId "11300507"]
[EventDate "2020.07.07"]
[EventType "team"]

1. Nf3 c5 2. c4 Nc6 3. d4 cxd4 4. Nxd4 Qb6 5. Nc2 Nf6 6. Nc3 e6 7. g3 Ne5 8. b3
Neg4 9. e3 d5 10. cxd5 exd5 11. Bb5+ Bd7 12. Nxd5 Qa5+ 13. Bd2 Qd8 14. Nxf6+
Nxf6 15. Bxd7+ Qxd7 16. O-O Rd8 17. Ba5 b6 18. Qxd7+ Rxd7 19. Bc3 Rc7 20. Bxf6
Rxc2 21. Bd4 f6 22. a4 Bb4 23. Rac1 Rxc1 24. Rxc1 Kd7 25. Kg2 Rb8 26. Kf3 a6 27.
Ke4 b5 28. Kd5 Be7 29. Rc6 bxa4 30. bxa4 a5 31. Ra6 Bd8 32. Ra7+ Bc7 33. Bc3 Kc8
34. Ke6 Rb6+ 35. Kf7 Rc6 36. Bxa5 Bb8 37. Re7 Ra6 38. Bc3 Bd6 39. Re8+ Kd7 40.
Rg8 Rxa4 41. Rxg7 Ra2 42. f4 Rxh2 43. Bxf6 h5 44. e4 1-0

[Event "Online Olym Div3 B 2020"]
[Site "chess.com INT"]
[Date "2020.07.07"]
[Round "2.2"]
[Board "2"]
[White "Rongwane, Gomolemo"]
[Black "Isaev, Jamshed"]
[Result "0-1"]
[BlackTitle "IM"]
[WhiteElo "2079"]
[BlackElo "2296"]
[WhiteTeam "Botswana"]
[BlackTeam "Tajikistan"]
[WhiteFideId "11301120"]
[BlackFideId "14700050"]
[EventDate "2020.07.07"]
[EventType "team"]

1. d4 Nf6 2. Nf3 g6 3. e3 Bg7 4. Be2 O-O 5. O-O d6 6. b4 a5 7. b5 e5 8. a4 Re8
9. Bb2 Nbd7 10. c4 c5 11. dxe5 dxe5 12. Qc2 Qc7 13. Nc3 Nb6 14. e4 Nh5 15. Rfe1
Nf4 16. Bf1 Bg4 17. Nd2 Ne6 18. Nd5 Nxd5 19. cxd5 Nd4 20. Bxd4 exd4 21. Nc4 b6
22. Bd3 Rad8 23. f3 Bc8 24. Qf2 f5 25. d6 Rxd6 26. Nxd6 Qxd6 27. exf5 Rxe1+ 28.
Rxe1 Bxf5 29. Bc4+ Kf8 30. Qe2 Qd7 31. f4 d3 32. Qf3 Bd4+ 33. Kh1 d2 34. Rd1 Qe7
35. Qe2 Qxe2 36. Bxe2 Be3 37. Bf3 c4 38. g4 Bd3 39. Ra1 c3 40. Kg2 c2 41. Ra3
d1=Q 0-1

[Event "Online Olym Div3 B 2020"]
[Site "chess.com INT"]
[Date "2020.07.07"]
[Round "2.2"]
[Board "3"]
[White "Antonova, Nadezhda"]
[Black "Francis, Onkemetse"]
[Result "1-0"]
[WhiteTitle "WFM"]
[BlackTitle "WIM"]
[WhiteElo "1877"]
[BlackElo "1781"]
[WhiteTeam "Tajikistan"]
[BlackTeam "Botswana"]
[WhiteFideId "14700182"]
[BlackFideId "11301287"]
[EventDate "2020.07.07"]
[EventType "team"]

1. d4 d5 2. Nf3 Nf6 3. e3 Nbd7 4. Nbd2 e6 5. Bd3 Be7 6. O-O c5 7. b3 O-O 8. Bb2
Re8 9. Ne5 Nxe5 10. dxe5 Nd7 11. f4 g6 12. Qg4 Nb6 13. a4 a5 14. Kh1 Bf8 15. Nf3
Bg7 16. Rae1 Bd7 17. h4 h5 18. Qg3 c4 19. Be2 Qc7 20. Bd4 Rac8 21. Ng5 Na8 22.
Qf3 cxb3 23. cxb3 Qc2 24. g4 hxg4 25. Qxg4 Qxb3 26. h5 gxh5 27. Qxh5 Re7 28. Rg1
Qc2 29. e4 Kf8 30. Nh7+ Kg8 31. Nf6+ Kf8 32. Qh8+ 1-0

[Event "Online Olym Div3 B 2020"]
[Site "chess.com INT"]
[Date "2020.07.07"]
[Round "2.2"]
[Board "5"]
[White "Sharifov, Mekhriddin"]
[Black "Elias Thabo"]
[Result "1-0"]
[BlackTitle "CM"]
[WhiteElo "1922"]
[BlackElo "1807"]
[WhiteTeam "Tajikistan"]
[BlackTeam "Botswana"]
[WhiteFideId "14701545"]
[BlackFideId "11312610"]
[EventDate "2020.07.07"]
[EventType "team"]

1. e4 c5 2. Nf3 Nc6 3. d4 cxd4 4. Nxd4 g6 5. c4 Bg7 6. Be3 d6 7. Nc3 Nf6 8. Be2
O-O 9. O-O Bd7 10. f3 a6 11. Qd2 Re8 12. Rfd1 Qc7 13. Rac1 Nxd4 14. Bxd4 Qa5 15.
a3 Qd8 16. b4 b6 17. Bf1 Qc7 18. Bxf6 exf6 19. Qxd6 Qxd6 20. Rxd6 Be6 21. Nd5
Rad8 22. Rxb6 Bh6 23. Rc3 Bxd5 24. cxd5 Rc8 25. Rbc6 1-0

[Event "Online Olym Div3 B 2020"]
[Site "chess.com INT"]
[Date "2020.07.07"]
[Round "2.2"]
[Board "6"]
[White "Gabatshwarwe Refilwe"]
[Black "Abrorova, Sabrina"]
[Result "0-1"]
[WhiteTitle "WCM"]
[WhiteElo "1750"]
[BlackElo "1788"]
[WhiteTeam "Botswana"]
[BlackTeam "Tajikistan"]
[WhiteFideId "11312734"]
[BlackFideId "14701553"]
[EventDate "2020.07.07"]
[EventType "team"]

1. d4 Nf6 2. Bf4 g6 3. e3 Bg7 4. Nf3 O-O 5. h3 d6 6. Be2 Nbd7 7. O-O Qe8 8. c3
e5 9. Bh2 Ne4 10. Nbd2 Nxd2 11. Nxd2 f5 12. Nc4 Nb6 13. a4 Be6 14. Nxb6 axb6 15.
Bf3 e4 16. Be2 Qf7 17. Qd2 g5 18. f3 exf3 19. Bxf3 Bd5 20. Bxd5 Qxd5 21. Qd3 Qe6
22. d5 Qe4 23. Qxe4 fxe4 24. Rxf8+ Kxf8 25. Kf2 Ra5 26. Ke2 Rxd5 27. Ra3 Ke7 28.
Bg3 Ke6 29. Rb3 Ra5 30. Rb4 Kd5 31. Bh2 Be5 32. Bxe5 Kxe5 33. Kf2 d5 34. Kg3 h5
35. h4 g4 36. b3 Rc5 37. c4 d4 38. Kf2 d3 39. g3 Kd6 40. Ke1 Kc6 41. Kd2 Rf5 42.
c5 Rf2+ 43. Kd1 bxc5 44. Rxe4 Kd5 45. Rf4 Rg2 46. Rf5+ Ke4 47. Rxh5 Kxe3 48.
Re5+ Kd4 49. Rg5 b6 50. Rxg4+ Kc3 0-1

[Event "Online Olym Div3 B 2020"]
[Site "chess.com INT"]
[Date "2020.07.07"]
[Round "2.3"]
[Board "1"]
[White "Omar, Noaman"]
[Black "Sousa, Andre Ventura"]
[Result "0-1"]
[WhiteTitle "IM"]
[BlackTitle "IM"]
[WhiteElo "2367"]
[BlackElo "2394"]
[WhiteTeam "United Arab Emirates"]
[BlackTeam "Portugal"]
[WhiteFideId "9300244"]
[BlackFideId "1917617"]
[EventDate "2020.07.07"]
[EventType "team"]

1. d4 Nf6 2. Nc3 d5 3. Bf4 a6 4. e3 c5 5. dxc5 e6 6. b4 Nc6 7. a3 g6 8. Be2 Bg7
9. Bd6 Ne7 10. Nf3 Nd7 11. Qd2 Nf5 12. O-O Nxd6 13. cxd6 Nb6 14. Rad1 Qxd6 15.
Ne4 Qe7 16. Nc5 O-O 17. e4 a5 18. Qe3 Rd8 19. bxa5 Nc4 20. Bxc4 dxc4 21. Rxd8+
Qxd8 22. e5 Rxa5 23. Ne4 Bxe5 24. Nxe5 Rxe5 25. f4 Rd5 26. Qc3 Rd4 27. Re1 b5
28. Qe3 Bb7 29. Nc5 Bc6 30. f5 Qd5 31. Qf2 Rd2 32. Re2 Rd1+ 0-1

[Event "Online Olym Div3 B 2020"]
[Site "chess.com INT"]
[Date "2020.07.07"]
[Round "2.3"]
[Board "3"]
[White "Rayan, Mohammad Ali Hassan"]
[Black "Jorge, Rita Maria Osorio"]
[Result "1-0"]
[BlackTitle "WFM"]
[WhiteElo "1479"]
[BlackElo "1983"]
[WhiteTeam "United Arab Emirates"]
[BlackTeam "Portugal"]
[WhiteFideId "9306145"]
[BlackFideId "1923161"]
[EventDate "2020.07.07"]
[EventType "team"]

1. e4 e5 2. Nf3 Nc6 3. Bc4 Bc5 4. d3 Nf6 5. Nbd2 O-O 6. O-O d5 7. Bb3 h6 8. h3
a5 9. a4 dxe4 10. dxe4 Qe7 11. Re1 Rd8 12. Qe2 Be6 13. Bxe6 Qxe6 14. Nf1 Nb4 15.
Ng3 Bb6 16. Nf5 Na6 17. Nh2 Nc5 18. Qf3 Ncxe4 19. Rxe4 Nxe4 20. Qxe4 Rd1+ 21.
Nf1 Qf6 22. Qf3 Rad8 23. Nxh6+ Qxh6 24. Bxh6 Rxa1 25. Qg3 g6 26. Qxe5 Bd4 27.
Qe7 Rd5 28. c3 Bc5 29. Qxc7 Rdd1 30. Qxc5 Rxf1+ 31. Kh2 Kh7 32. Qf8 Rh1+ 33. Kg3
Rad1 34. Qg7# 1-0

[Event "Online Olym Div3 B 2020"]
[Site "chess.com INT"]
[Date "2020.07.07"]
[Round "2.3"]
[Board "4"]
[White "Pintor, Ariana"]
[Black "Al Ali, Aisha Saif"]
[Result "1-0"]
[WhiteTitle "WFM"]
[WhiteElo "1903"]
[BlackElo "1478"]
[WhiteTeam "Portugal"]
[BlackTeam "United Arab Emirates"]
[WhiteFideId "1902806"]
[BlackFideId "9307028"]
[EventDate "2020.07.07"]
[EventType "team"]

1. e4 c5 2. Nf3 e6 3. Nc3 d6 4. d4 cxd4 5. Nxd4 Nf6 6. g3 Be7 7. Bg2 O-O 8. O-O
Qc7 9. h3 a6 10. a4 Nc6 11. Nb3 b6 12. Bf4 Bb7 13. g4 Rfd8 14. Bg3 Ne5 15. g5
Nfd7 16. f4 Nc4 17. Qc1 Nc5 18. Nd4 Nd7 19. h4 Nf8 20. h5 Rac8 21. f5 e5 22.
Nde2 f6 23. gxf6 Bxf6 24. h6 Rd7 25. b3 Na5 26. Bf2 gxh6 27. Qxh6 Rg7 28. Qxf6
Nc6 29. Nd5 Qb8 30. Nxb6 1-0

[Event "Online Olym Div3 B 2020"]
[Site "chess.com INT"]
[Date "2020.07.07"]
[Round "2.3"]
[Board "5"]
[White "Mohamed Saeed Laily"]
[Black "Veiga, Jose Francisco R P Neves"]
[Result "0-1"]
[WhiteTitle "CM"]
[BlackTitle "FM"]
[WhiteElo "1906"]
[BlackElo "2322"]
[WhiteTeam "United Arab Emirates"]
[BlackTeam "Portugal"]
[WhiteFideId "9314946"]
[BlackFideId "1930087"]
[EventDate "2020.07.07"]
[EventType "team"]

1. d4 Nf6 2. Nf3 g6 3. g3 Bg7 4. Bg2 O-O 5. O-O c5 6. c3 d6 7. Re1 Nc6 8. d5 Ne5
9. Nxe5 dxe5 10. e4 Ne8 11. a4 Nd6 12. Na3 e6 13. Be3 b6 14. Nb5 Nc4 15. b3 Nxe3
16. Rxe3 a6 17. Na3 Re8 18. Rd3 exd5 19. Rxd5 Qc7 20. Nc4 Be6 21. Rd2 Bh6 22.
Rd3 Red8 23. Ne3 Bxe3 24. fxe3 c4 25. Rxd8+ Rxd8 26. Qe2 cxb3 27. Rc1 Bc4 28.
Qb2 Qc5 29. Kf2 Rd3 30. Re1 Be6 31. Bf1 Rxc3 32. Kg1 Rxe3 33. Rxe3 Qxe3+ 34. Kh1
Qxe4+ 35. Bg2 Qe1+ 36. Bf1 Qxf1# 0-1

[Event "Online Olym Div3 B 2020"]
[Site "chess.com INT"]
[Date "2020.07.07"]
[Round "2.3"]
[Board "6"]
[White "Pipiras, Filipa Fortuna"]
[Black "Fatima, Saif Al-Ali"]
[Result "1-0"]
[BlackTitle "WCM"]
[WhiteElo "1907"]
[BlackElo "1354"]
[WhiteTeam "Portugal"]
[BlackTeam "United Arab Emirates"]
[WhiteFideId "1944894"]
[BlackFideId "9312420"]
[EventDate "2020.07.07"]
[EventType "team"]

1. d4 d5 2. c4 e6 3. Nc3 Nf6 4. cxd5 exd5 5. Bg5 Be7 6. e3 h6 7. Bh4 O-O 8. Bd3
b6 9. Nge2 Bb7 10. O-O Nbd7 11. f3 c5 12. Qd2 c4 13. Bc2 a6 14. b3 b5 15. bxc4
bxc4 16. Bf2 Re8 17. Ng3 Bd6 18. Nf5 Qc7 19. Nxd6 Qxd6 20. Rfe1 Nf8 21. e4 Qc7
22. e5 N6d7 23. f4 f6 24. Bg3 fxe5 25. fxe5 Ne6 26. Rf1 Rf8 27. Bf5 Rae8 28. Rf2
Ng5 29. e6 1-0

[Event "Online Olym Div3 B 2020"]
[Site "chess.com INT"]
[Date "2020.07.07"]
[Round "2.4"]
[Board "1"]
[White "Miguel, Sergio"]
[Black "Severino, Sander"]
[Result "0-1"]
[WhiteTitle "FM"]
[BlackTitle "FM"]
[WhiteElo "2377"]
[BlackElo "2364"]
[WhiteTeam "Angola"]
[BlackTeam "IPCA"]
[WhiteFideId "10100792"]
[BlackFideId "5204100"]
[EventDate "2020.07.07"]
[EventType "team"]

1. e4 c6 2. d4 d5 3. Nc3 dxe4 4. Nxe4 Nf6 5. Nxf6+ exf6 6. Nf3 Bd6 7. Bd3 O-O 8.
O-O Bg4 9. h3 Bh5 10. Bf5 Re8 11. Qd3 Bg6 12. Bd2 Nd7 13. Rfe1 Qc7 14. Rxe8+
Rxe8 15. Re1 Rd8 16. Nh4 Nf8 17. Nxg6 hxg6 18. Bg4 Bh2+ 19. Kh1 Bf4 20. Be3 f5
21. Bf3 Bxe3 22. Qxe3 Qb6 23. d5 Qxb2 24. Qe7 Qb6 25. dxc6 bxc6 26. Bxc6 Rc8 27.
Bd5 Qxf2 28. Qxf7+ Kh7 29. Re7 Qf1+ 30. Kh2 Qf4+ 31. Kh1 Qf1+ 32. Kh2 Qf4+ 33.
g3 Qf2+ 34. Bg2 Ne6 35. Qxe6 Rxc2 36. Qd5 Rc3 37. Rxg7+ Kh6 38. Qe5 Rc2 39. Qf4+
Qxf4 40. gxf4 Kxg7 41. Kg3 Rxa2 0-1